00857nam a2200265Ia 450000500170000000800410001702000150005804100080007310000320008124500710011325000260018426400260021030000260023633600270026233700330028933800280032249000320035049000220038265000260040465000300043065000520046070000320051204000350054408400120057920220316235350.0121119s2002 sp gr 000 f spa  a84206380641 aspa1 aProust, Marcel, d1871-192213aEl tiempo recobradocMarcel Proust ; traducción, Consuelo Berges aTercera reimpresiòn 1aMadridbAlianzac2002 a421 pàginasc18 cm. atextobtxt2rdacontent asin mediaciónbn2rdamedia avolumenbnc2rdacarrier0 aEn busca del tiempo perdido0 aLibro de bolsillo142LEMBaNovela francesa142LEMBaLiteratura francesa142LEMBaVida social y costumbresvNovelazFrancia1 aBerges, Consueloetraductor aCO-BoRNBPbspaerdacCO-BoRNBP aN PRO1